| 000 | 02093nam a2200313 i 4500 | ||
|---|---|---|---|
| 003 | DO-SdBNP | ||
| 005 | 20250715093220.0 | ||
| 007 | ta | ||
| 008 | 250715s2024 dr do 000 0 spa d | ||
| 020 | _a9789945801378 | ||
| 040 |
_aDO-SdBNP _bspa _cBNPHU _erda |
||
| 041 | _aspa | ||
| 082 | 4 |
_axxx _bM632 _222 |
|
| 100 | 1 |
_aMichel, José Mieses _eautor _978466 _4aut. |
|
| 245 | 1 | 3 |
_aUn nuevo model o de atención a personas con enfermedad mental grave en la República Dominicana / _cJosé Mieses Michel |
| 250 | _aPrimera edición | ||
| 264 |
_aSanto Domingo : _bFUNDAPEM, _bEditora Búho, _c2024. |
||
| 300 |
_a165 páginas : _bgrafica ; _c23 cm. |
||
| 336 |
_atexto _btxt _2rdacontent |
||
| 337 |
_asin mediación _bn _2rdamedia |
||
| 338 |
_avolumen _bnc _2rdacarrier |
||
| 500 | _aIncluye datos biográficos del autor en las solapas | ||
| 504 | _aBibliografía p: 161-165 | ||
| 520 | _aLa propuesta para un nuevo Modelo de Atención a Personas con Enfermedad Mental Grave tiene una trascendencia que supera su lectura; es un ideario que reclama transformar la concepción y el quehacer respecto de la salud mental. Un tema que pese a su incidencia y la capacidad que tiene de desestabilizar la familia, no acaba de ser visto por las autoridades y la propia comunidad, en la capacidad de destruir el que debía ser un sano tejido familiar y social. Mieses Michel lo que plantea en su libro es un desafío que llama a transformar la perspectiva de la cuestión, un reclamo que, en forma de angustiado llamado, hacen las muchas familias afectadas. Es una luz documentada y responsable. Logra plasmar las principales directrices para reenfocar una problemática que demanda ser admitida y planteada como fenómeno que supera lo puramente clínico. Invita a considerar que en la capacidad de dar asistencia real a los casos graves de salud mental, radica la esencia de lograr una sociedad inclusiva y solidaria. | ||
| 590 | _aInventariado, 2025/ YL | ||
| 710 | 1 |
_aFundación en apoyo a las personas con enfermedad mental (FUNDAPEM) _988357 |
|
| 910 | _aYLockward | ||
| 942 |
_2ddc _cLBS1 |
||
| 999 |
_c59537 _d59537 |
||